Regional Integration in Europe and Its Effects on Developing Countries
Uložené v:
| Hlavný autor: | |
|---|---|
| Médium: | Kniha |
| Jazyk: | English |
| Vydavateľské údaje: |
Tübingen
Mohr
1994
|
| Vydanie: | 1. ed. |
| Edícia: | Kieler Studien
260 |
| Predmet: | |
| Tagy: |
Žiadne tagy, Buďte prvý, kto otaguje tento záznam!
|
MARC
| LEADER | 00000nam a2200000 4500 | ||
|---|---|---|---|
| 001 | c005403 | ||
| 005 | 20221205141014.2 | ||
| 020 | |a 3-16-146231-9 | ||
| 041 | 0 | |a eng | |
| 044 | |a DE | ||
| 245 | 1 | 0 | |a Regional Integration in Europe and Its Effects on Developing Countries |c Ulrich Hiemenz et al. |
| 250 | |a 1. ed. | ||
| 264 | 1 | |a Tübingen |b Mohr |c 1994 | |
| 300 | |a 134 s. | ||
| 490 | 1 | |a Kieler Studien |v 260 | |
| 830 | 0 | |a Kieler Studien |v 260 | |
| 610 | 2 | 0 | |a Európa |
| 610 | 2 | 0 | |a krajiny rozvojové |
| 610 | 2 | 0 | |a Európska únia |
| 610 | 2 | 0 | |a Všeobecná dohoda o clách a obchode |
| 610 | 2 | 0 | |a integrácia ekonomická medzinárodná |
| 610 | 2 | 0 | |a bariéry obchodu zahraničného |
| 610 | 2 | 0 | |a politika hospodárska medzinárodná |
| 610 | 2 | 0 | |a EZVO |
| 610 | 2 | 0 | |a OECD |
| 610 | 2 | 0 | |a priemysel |
| 100 | 1 | |a Hiemenz, Ulrich | |